000 01005nam a2200325 a 4500
001 77419
003 BD-RjUL
005 20211209082953.0
008 200907s2003 inua 001 0 eng d
020 _a078972796X
035 _a(DLC) 2002117342
040 _aDLC
_cDLC
_dDLC
_dBD-RjUL
_beng
041 _aeng
042 _apcc
082 0 0 _a005.369
_221
_bBOH 2003
100 1 _aBurke, Dorothy.
_9241313
245 1 0 _aHow to use Lotus Notes 6 /
_cDorothy Burke.
260 _aIndianapolis, IN :
_bQue Pub.,
_c2003.
300 _a258 p. :
_bcol. ill. ;
_c26 cm.
500 _a"Your complete step-by-step solution"--Cover.
500 _a"In full color"--Cover.
500 _aIncludes index.
650 0 _aBusiness
_xComputer programs.
_9241314
650 0 _aGroupware (Computer software)
_9241315
650 0 _aDatabase management
_xComputer programs.
_9241316
650 0 _aElectronic mail systems.
_9241317
942 _2ddc
_cBK
999 _c77419
_d77419